| 000 | 00496 a2200169 4500 | ||
|---|---|---|---|
| 020 | _a8181280164 | ||
| 020 | _a9788181280169 | ||
| 082 | _a516 | ||
| 090 |
_c733 _d733 |
||
| 100 | 1 | _aAudin.Michele | |
| 245 | 1 | 0 |
_aGeometry / _cAudin.Michele |
| 260 |
_a[S.l.] : _bSpringer, _c2002. |
||
| 300 | _a1 v. (unpaged) | ||
| 700 | _aAudin.Michele | ||
| 942 |
_aSNS _cBK _k516 AUD |
||
| 999 |
_c29361 _d29361 |
||